000 00556nam a2200181Ia 4500
003 SGT
020 _a9780070140622
082 _a4.16
_bRAY
100 _aRay,A.K
245 _aAdvanced microprocessors and peripherals
250 _a2nd Ed.
260 _bTata McGraw Hill Education Private Limited
_aNew Delhi
_c2011
300 _a715p.
650 _aCOMPUTERS SCIENCE
653 _aTHE PROCESSORS 8086/8088 -ARCHITECTURES , PIN DIAGRAMS AND TIMIING THE ARTY OF ASSMBLY LANGUAGE PROGRAMMINGWITH 8086/8088
700 _aBhurchandi,K.M
942 _2ddc
_cBK
999 _c5413
_d5413